Current List of U.S. Senators - Statistics

General Stats
  • This quiz has been taken 1,392 times
    136 since last reset
  • The average score is 61 of 100
Answer Stats
State Party Answer % Correct
Vermont I Bernie Sanders
95%
New York D Chuck Schumer
93%
Texas R Ted Cruz
93%
Pennsylvania D John Fetterman
91%
Georgia D Jon Ossoff
88%
Arizona D Mark Kelly
88%
Maine R Susan Collins
88%
Kentucky R Mitch McConnell
85%
Maine I Angus King
84%
Massachusetts D Elizabeth Warren
84%
Florida R Rick Scott
82%
Texas R John Cornyn
81%
Georgia D Raphael Warnock
81%
Alaska R Lisa Murkowski
80%
South Carolina R Tim Scott
80%
Kentucky R Rand Paul
78%
Arizona D Ruben Gallego
78%
Alaska R Dan Sullivan
77%
California D Adam Schiff
76%
Mississippi R Cindy Hyde-Smith
76%
New Jersey D Cory Booker
76%
Virginia D Tim Kaine
76%
Illinois D Dick Durbin
75%
Arkansas R Tom Cotton
75%
Iowa R Chuck Grassley
74%
Louisiana R John Kennedy
74%
New York D Kirsten Gillibrand
74%
Wisconsin R Ron Johnson
74%
Minnesota D Amy Klobuchar
73%
New Jersey D Andy Kim
73%
South Carolina R Lindsey Graham
73%
Minnesota D Tina Smith
73%
Utah R Mike Lee
72%
North Carolina R Thom Tillis
72%
Colorado D John Hickenlooper
70%
Alabama R Tommy Tuberville
69%
Michigan D Elissa Slotkin
68%
Michigan D Gary Peters
68%
Missouri R Josh Hawley
68%
California D Alex Padilla
67%
Ohio R Bernie Moreno
67%
Illinois D Tammy Duckworth
67%
Virginia D Mark Warner
66%
Florida R Ashley Moody
65%
Pennsylvania R Dave McCormick
65%
New Hampshire D Jeanne Shaheen
64%
Connecticut D Richard Blumenthal
64%
Louisiana R Bill Cassidy
63%
Delaware D Chris Coons
63%
Massachusetts D Ed Markey
63%
West Virginia R Jim Justice
63%
South Dakota R John Thune
63%
Iowa R Joni Ernst
63%
Wisconsin D Tammy Baldwin
63%
Alabama R Katie Britt
60%
Nebraska R Pete Ricketts
60%
Connecticut D Chris Murphy
59%
Tennessee R Marsha Blackburn
59%
Maryland D Chris Van Hollen
58%
Nebraska R Deb Fischer
58%
Ohio R Jon Husted
57%
Hawaii D Mazie Hirono
57%
Nevada D Catherine Cortez Masto
56%
Colorado D Michael Bennet
56%
Rhode Island D Sheldon Whitehouse
56%
New Hampshire D Maggie Hassan
55%
West Virginia R Shelley Moore Capito
55%
Hawaii D Brian Schatz
53%
Maryland D Angela Alsobrooks
52%
New Mexico D Ben Ray Luján
52%
Vermont D Peter Welch
52%
Montana R Steve Daines
51%
Nevada D Jacky Rosen
49%
Montana R Tim Sheehy
48%
Indiana R Todd Young
48%
Wyoming R Cynthia Lummis
45%
Rhode Island D Jack Reed
44%
Idaho R Mike Crapo
44%
Idaho R Jim Risch
43%
Kansas R Roger Marshall
43%
North Carolina R Ted Budd
43%
Oregon D Ron Wyden
42%
Delaware D Lisa Blunt Rochester
41%
Oregon D Jeff Merkley
40%
Wyoming R John Barrasso
40%
New Mexico D Martin Heinrich
40%
Washington D Patty Murray
39%
Arkansas R John Boozman
38%
South Dakota R Mike Rounds
38%
Washington D Maria Cantwell
35%
Mississippi R Roger Wicker
35%
Tennessee R Bill Hagerty
34%
Oklahoma R James Lankford
34%
Utah R John Curtis
33%
North Dakota R John Hoeven
31%
North Dakota R Kevin Cramer
31%
Missouri R Eric Schmitt
30%
Indiana R Jim Banks
30%
Kansas R Jerry Moran
28%
Oklahoma R Alan Armstrong
24%
No matching quizzes found
Score Distribution
Percent of People with Each Score
Percentile by Number Answered
Your Score History
You have not taken this quiz since the last reset